| 000 | 01357cam a2200277 4500 | ||
|---|---|---|---|
| 001 | ##L129969 | ||
| 002 | ##8800 | ||
| 008 | 050610n2005 000 0 eng u | ||
| 020 | _a0418828903 | ||
| 035 | _a(Sirsi) u129969 | ||
| 041 | 0 | _aeng | |
| 050 | 0 | 4 | _a692.8 $2 18 |
| 110 | 2 |
_aJoint Contracts Tribunal _93664 |
|
| 240 | 0 | 0 | _aMW 05 |
| 245 | 0 | 0 |
_aMW _bMinor Works Building Contact 2005 |
| 260 |
_aLondon _bSweet and Maxwell _c2005 |
||
| 300 |
_aii, 36 _c30cm. |
||
| 350 | _a11.50 | ||
| 490 | 0 | _aJCT Minor Works Building Contract (2005 Edition) | |
| 520 | _aAppropriate for simple works where drawings, a specification and/or work schedules define the quantity and quality of the work and there is a contract administrator. This form is not suitable as a design and build contract, where bills of quantities are required, where provisions for named specialists are required or where the contractor is to design parts of the works when the JCT Minor Works With Contractors Design (2005 Edition) should be considered. | ||
| 520 | _aSupersedes JCT Agreement for Minor Building Works (1998 Edition) (J100532). | ||
| 650 | 2 | 4 | _aJCT MINOR WORKS BUILDING CONTRACT (2005 EDITION) |
| 651 | 4 |
_aUnited Kingdom _y |
|
| 690 | _aBUILT ENVIRONMENT-BUILDING CONTRACT FORMS-STANDARD FORMS OF BUILDING CONTRACT-JOINT CONTRACTS TRIBUNAL CONTRACTS | ||
| 942 | _n0 | ||
| 999 |
_c104317 _d104317 |
||